000 00877cam a22002775a 4500
005 20260322212013.0
008 data
010 _a 2011453010
015 _aGBA9A2732
_2bnb
016 7 _a015398059
_2Uk
020 _a9781849160926 (cased)
020 _a1849160929 (cased)
040 _aUKM
_cUKM
_dDLC
_dDLC
042 _alccopycat
_alccopycat
050 0 0 _aGV1029.15
_b.J46 2010
082 0 4 _a796.7209
_222
092 _a796.72 J46 2010
100 1 _aJennings, Charles,
_d1956-
245 1 0 _aBurning rubber :
_bthe extraordinary story of Formula One /
_cCharles Jennings.
260 _aLondon :
_bQuercus,
_c2010.
300 _a327 p., [16] p. of plates :
_bill. (some col.), ports. (some col.) ;
_c24 cm.
504 _aIncludes bibliographical references and index.
650 0 _aGrand Prix racing
_xHistory.
650 0 _aAutomobile racing drivers
_xHistory.
001 data
999 _c269
_d269